000 01286cam a22002654a 4500
001 12210082
003 NUST
005 20221116105106.0
008 001025s2001 nyua b 001 0 eng
010 _a 00052278
020 _a0387950664
082 0 0 _a621.367,DIG
245 0 0 _aDigital image analysis :
_bselected techniques and applications /
_ceditors, Walter G. Kropatsch, Horst Bischof.
260 _aNew York :
_bSpringer,
_c2001.
300 _axxix, 505 p. :
_bill. ;
_c25 cm.
_e1 computer optical disc (4 3/4 in) .
505 _aPart I: Mathematical Methods for Image Analysis (Page-1), Part II: Data Handling (Page-131), Part III: Robust and Adaptive Image Understanding (Page-175), Part IV: Information Infusion and Radiometric Models for Image Understanding (Page-285), Part V: 3-D Reconstruction (Page-367).
650 0 _aImage processing
_xDigital techniques.
_9673
650 0 _aImage analysis.
_93477
700 1 _aKropatsch, W.
_q(Walter)
_9102656
700 1 _aBischof, Horst.
_9102657
856 4 2 _3Publisher description
_uhttp://www.loc.gov/catdir/enhancements/fy0816/00052278-d.html
856 4 1 _3Table of contents only
_uhttp://www.loc.gov/catdir/enhancements/fy0816/00052278-t.html
906 _a7
_bcbc
_corignew
_d1
_eocip
_f20
_gy-gencatlg
942 _2ddc
_cBK
999 _c592317
_d592317